« Nous avons combattu pour Hitler » (notice n° 2129446)
[ vue normale ]
| 000 -LEADER | |
|---|---|
| fixed length control field | 01590cam a2200133 4500500 |
| 005 - DATE AND TIME OF LATEST TRANSACTION | |
| control field | 20260405022104.0 |
| 041 ## - LANGUAGE CODE | |
| Language code of text/sound track or separate title | fre |
| 042 ## - AUTHENTICATION CODE | |
| Authentication code | dc |
| 100 10 - MAIN ENTRY--PERSONAL NAME | |
| Personal name | Carrard, Philippe |
| Relator term | author |
| 245 00 - TITLE STATEMENT | |
| Title | « Nous avons combattu pour Hitler » |
| 260 ## - PUBLICATION, DISTRIBUTION, ETC. | |
| Name of publisher, distributor, etc. | Armand Colin,<br/> |
| Date of publication, distribution, etc. | 2011.<br/> |
| 520 ## - SUMMARY, ETC. | |
| Summary, etc. | Durant la Seconde Guerre mondiale, et alors que leurs pays sont occupés, plusieurs milliers de Français mais aussi de Belges s’engagent pour lutter aux côtés des Nazis sur le front de l’Est. Portés par leur fanatisme idéologique, ils deviennent membres de la Légion des Volontaires Français contre le Bolchevisme, de la Sturmbrigade « Frankreich » et de la Division Charlemagne, et combattent en Biélorussie, en Galicie, en Poméranie et même dans Berlin en flammes. Parmi les rescapés de cette sombre aventure, certains vont rédiger et publier après-guerre récits et mémoires. Ils se nomment entre autres Bassompierre, La Mazière, Saint-Loup, Degrelle… C’est ce corpus de textes qu’a étudié Philippe Carrard afin de comprendre les raisons de cette forme la plus noire de la collaboration. Il nous guide ainsi à travers ces récits tantôt tristement héroïques, tantôt surprenants, parfois véridiques, parfois mensongers, mais toujours révélateurs de haines qui ne veulent pas s’éteindre. Sans éluder les nécessaires interrogations éthiques : comment convient-il de traiter des œuvres qui défendent des positions inacceptables ? |
| 856 41 - ELECTRONIC LOCATION AND ACCESS | |
| Uniform Resource Identifier | <a href="https://shs.cairn.info/nous-avons-combattu-pour-hitler--9782200271763?lang=fr&redirect-ssocas=7080">https://shs.cairn.info/nous-avons-combattu-pour-hitler--9782200271763?lang=fr&redirect-ssocas=7080</a> |
Pas d'exemplaire disponible.




Réseaux sociaux